000 00464nam a2200169Ia 4500
008 090201s9999 xx 000 0 und d
010 _aKPL-58656
040 _bमराठी
041 _aमराठी
082 _a50490
_b58656
100 _aवि ज बोरकर
245 _aवंश
_cवि ज बोरकर
260 _c2006
_bमौज प्रकाशन
300 _a103
_bमध्यम
600 _aवंश
942 _cBOOK
999 _c247027
_d247027